000 00939nam a2200229 i 4500
001 93442
003 ES-MaACL
005 20230906181226.0
007 t|
008 050526s2004 sp ||||1| spa d
020 _a84-88439-95-4
080 _a821.134.2.09"19"
245 0 0 _aSobre el caudal del tiempo
_b: verso y prosa en el siglos XX : I Curso de Literatura Española /
_cJaime Olmedo Ramos (dir.) ; Miguel Argaya Roca, Angel Luis Luján Atienza, Gonzalo Manglano y de Garay.
260 _aTalavera de la Reina :
_bOrganismo Autónomo Local de Cultura, Ayuntamiento de Talavera de la Reina,
_c2004.
300 _a195 p. ;
_c21 cm.
650 4 _aLiteratura española-
_yS.XX-
_xHistoria y crítica.
_9141686
700 1 _aOlmedo Ramos, Jaime.
_986965
700 1 _aArgaya, Miguel.
_922683
700 1 _aLuján Atienza, Angel Luis.
_974708
700 1 _aManglana y de Garay, Gonzalo.
_976012
852 _aES-MaACL
_jL-29136
_bR.135408
999 _c93442
_d93442